Normal view MARC view
  • Angeles Gutiérrez, Ofelia

Entry Nombre Personal

Number of records used in: 4

001 - NUMERO DE CONTROL

  • campo de control: 38103

003 - IDENTIFICADOR DE NUMERO DE CONTROL

  • campo de control: UPN

005 - FECHA Y HORA DE LA ÜLTIMA TRANSACCIÓN

  • campo de control: 20210219194532.0

008 - DATOS DE LONGITUD FIJA

  • campo de control de longitud fija: nabaccnnaabn|||||||||| b |nc|||||d

035 ## - NUMERO DE CONTROL

  • Número de control: UPN11000010210

040 ## - FUENTE DE CATALOGACIÓN

  • Lenguaje de catalogación: SPA
  • Agencia de transcripción: UPN

100 1# - ENCABEZAMIENTO - NOMBRE PERSONAL

  • Nombre personal: Angeles Gutiérrez, Ofelia

400 1# - VEÁSE - NOMBRE DE PERSONA

  • Personal name: Gutiérrez, Ofelia Angeles

670 ## - FUENTE EN LA QUE SE LOCALIZARON DATOS

  • Cita de la fuente: T
  • Uniform Resource Identifier: http://www.escueladeadministracionpublica.df.gob.mx/transparencia/PORTAL%20EAP/Actualizacion_de_la_pagina/Parte%207%20Transparencia/Articulo_14/Fraccion_V_Perfiles_y_Curriculos/curriculos/Ofeliaangeles.pdf

680 ## - NOTA PUBLICA DE ACCESO PÚBLICO

  • Frase explicativa de la referencia: Psicóloga mexicana

902 ## - CATALOGADOR

  • Catalogador: CAA/210116